| 000 | 00361nam a2200121Ia 4500 | ||
|---|---|---|---|
| 008 | 230907s9999||||xx |||||||||||||| ||und|| | ||
| 082 |
_a572.6 _bLEH |
||
| 100 |
_aLehmann, Wolf D. _9116115 |
||
| 245 | 0 | _aProtein phosphorylation analysis by electrospray mass spectrometry : | |
| 260 |
_aRSC Pub., _bCambridge, UK : _c2010 |
||
| 300 | _axiv, 379 p. : | ||
| 942 | _cBK | ||
| 999 |
_c601094 _d601094 |
||